States that Beat Pennsylvania - Statistics

General Stats
  • This quiz has been taken 589 times
  • The average score is 13 of 16
Answer Stats
Rank Hint Answer % Correct
5 Population California | Texas | Florida | New York
99%
2 Date of statehood Delaware
94%
2 (tie) Most letters in name Massachusetts | North Carolina | South Carolina
93%
8 Cheese production Wisconsin | California | Idaho | New Mexico | New York | Minnesota | South Dakota
93%
5 (tie) Presidents born in state Virginia | Ohio | New York | Massachusetts
92%
5 Number of pro sports teams California | New York | Florida | Texas
91%
3 Raw steel production Indiana | Ohio
83%
4 Railroad mileage Texas | Illinois | Ohio
80%
2 Most populous in 1800 Virginia
80%
3 Coal production Wyoming | West Virginia
80%
4 Smallest % difference in votes between Biden and Trump in 2020 Georgia | Arizona | Wisconsin
77%
3 Most National Historic Landmarks New York | Massachusetts
77%
4 Egg production Iowa | Indiana | Ohio
71%
3 Number of Wawa locations New Jersey | Florida
67%
5 Percent of residents born in state Louisiana | Michigan | Ohio | Mississippi
63%
3 Highest risk of deer-car accidents West Virginia | Missouri
37%
No matching quizzes found
Score Distribution
Percent of People with Each Score
Percentile by Number Answered
Your Score History
You have not taken this quiz